The Addiction-Prone Personality : (Record no. 603335)

MARC details
000 -LEADER
fixed length control field 00523nam a2200193 a 4500
008 - FIXED-LENGTH DATA ELEMENTS--GENERAL INFORMATION
fixed length control field 251221s2000##################000#0#eng##
020 ## - INTERNATIONAL STANDARD BOOK NUMBER
ISBN 9780306462498
082 04 - DEWEY DECIMAL CLASSIFICATION NUMBER
Classification number 616.860
Item number BAR
100 1# - MAIN ENTRY--AUTHOR NAME
Personal name Barnes, Gordon E.,
245 10 - TITLE STATEMENT
Title The Addiction-Prone Personality :
260 ## - PUBLICATION, DISTRIBUTION, ETC. (IMPRINT)
Name of publisher Springer Science & Business Media,
Year of publication 2000.
300 ## - PHYSICAL DESCRIPTION
Number of Pages 324 pages
650 #0 - SUBJECT ADDED ENTRY--TOPICAL TERM
Topical Term Education.
942 ## - ADDED ENTRY ELEMENTS (KOHA)
Koha item type English Books
Holdings
Withdrawn status Lost status Damaged status Not for loan Home library Current library Shelving location Date acquired Full call number Accession Number Price effective from Koha item type
        Anna Centenary Library Anna Centenary Library 5TH FLOOR, B WING 21.12.2025 616.860 BAR 209377 21.12.2025 English Books

Find us on the map